Investigación en educación matemática (Record no. 178885)

MARC details
000 -LEADER
campo de control de longitud fija 01491nam a2200301 i 4500
001 - NÚMERO DE CONTROL
campo de control 178885
003 - IDENTIFICADOR DE NÚMERO DE CONTROL
campo de control ES-MaACL
005 - FECHA Y HORA DE LA ÚLTIMA TRANSACCIÓN
campo de control 20250903013328.0
008 - DATOS DE LONGITUD FIJA--INFORMACIÓN GENERAL
campo de control de longitud fija 110727s2006 sp d |||| | spa d
020 ## - NÚMERO INTERNACIONAL ESTÁNDAR DEL LIBRO
Número Internacional Estándar del Libro 84-8127-156-X
080 ## - NÚMERO DE LA CLASIFICACIÓN DECIMAL UNIVERSAL
Número de la Clasificación Decimal Universal 51:37.02(063)
110 2# - ENTRADA PRINCIPAL--NOMBRE DE ENTIDAD CORPORATIVA
Nombre de entidad corporativa o nombre de jurisdicción como elemento de entrada Sociedad Española de Investigación en Educación Matemática.
Unidad subordinada Simposio
Número del congreso/reunión o número de parte o sección (10º.
Fecha del congreso o de la firma del tratado 2006.
Sede del congreso/Lugar de la reunión Huesca)
9 (RLIN) 147453
245 10 - MENCIÓN DEL TÍTULO
Título Investigación en educación matemática
Resto del título : actas del X Simposio de la Sociedad Española de Investigación en Educación Matemática : Huesca, 6-9 de septiembre de 2006 /
Mención de responsabilidad, etc. editoras, Pilar Bolea Catalán, Mª José González López, Mar Moreno Moreno.
246 34 - FORMA VARIANTE DEL TITULO
Título propio/Titulo breve Simposio de la SEIEM.
Número de parte o sección de la obra 10º
260 ## - PUBLICACIÓN, DISTRIBUCIÓN, ETC.
Lugar de publicación, distribución, etc. Huesca :
Nombre del editor, distribuidor, etc. Instituto de Estudios Altoaragoneses ;
Lugar de publicación, distribución, etc. Zaragoza :
Nombre del editor, distribuidor, etc. Universidad de Zaragoza,
Fecha de publicación, distribución, etc. [2006]
300 ## - DESCRIPCIÓN FÍSICA
Extensión 308 p. :
Otras características físicas gráf. ;
Dimensiones 24 cm.
504 ## - NOTA DE BIBLIOGRAFÍA, ETC.
Nota de bibliografía, etc. Referencias bibliográficas.
650 #7 - PUNTO DE ACCESO ADICIONAL DE MATERIA--TÉRMINO DE MATERIA
Término de materia o nombre geográfico como elemento de entrada Matemáticas-
Subdivisión general Estudio y enseñanza-
Subdivisión de forma Congresos y asambleas
Fuente del encabezamiento o término
9 (RLIN) 147449
700 1# - ENTRADA AGREGADA--NOMBRE PERSONAL
Nombre de persona Bolea Catalán, Pilar.
9 (RLIN) 147450
700 1# - ENTRADA AGREGADA--NOMBRE PERSONAL
Nombre de persona González López, María José.
9 (RLIN) 147451
700 1# - ENTRADA AGREGADA--NOMBRE PERSONAL
Nombre de persona Moreno Moreno, María del Mar.
9 (RLIN) 147452
710 2# - ENTRADA AGREGADA--NOMBRE DE ENTIDAD CORPORATIVA
Nombre de entidad corporativa o nombre de jurisdicción como elemento de entrada Instituto de Estudios Altoaragoneses.
9 (RLIN) 4888
710 2# - ENTRADA AGREGADA--NOMBRE DE ENTIDAD CORPORATIVA
Nombre de entidad corporativa o nombre de jurisdicción como elemento de entrada Universidad de Zaragoza
9 (RLIN) 7352
852 ## - LOCALIZACIÓN
Ubicación ES-MaACL
Número de control de estantería A-11381
itemnumber 185751
Sublocalización o colección R.142831
Ubicación en estantería Depósito 1
Signatura antigua Olim: N-4385
Encuadernación Donación: Pilar Bolea Catalán
903 ## - NOMBRE PERSONAL DE DONANTE
9 147450
a Bolea Catalán, Pilar
e Donante
942 ## - ELEMENTOS DE ENTRADA SECUNDARIOS (KOHA)
Fuente del sistema de clasificación o colocación Clasificación decimal universal
Tipo de ítem Koha Libro impreso
Holdings
Estatus retirado Estado de pérdida Fuente del sistema de clasificación o colocación Estado de daño No para préstamo Biblioteca de origen Biblioteca actual Ubicación en estantería Fecha de adquisición Fuente de adquisición Total de préstamos Signatura topográfica completa Código de barras Visto por última vez Precio de reemplazo Tipo de ítem Koha
    Clasificación decimal universal     Biblioteca del Ateneo de Madrid Biblioteca del Ateneo de Madrid Depósito 1 27/07/2011 Donación   A-11381 1187905 23/02/2023 23/02/2023 Libro impreso